000 00602nam a2200193Ia 4500
999 _c34026
_d34026
003 OSt
005 20200909121952.0
008 190216s9999||||xx |||||||||||||| ||und||
020 _a9780070601758
040 _coclc
082 _a621.38153
_bLEA/D
100 _aLeach, Donald P
_94523
245 0 _aDigital Principles And Applications /
_cDonald P Leach ; Albert Paul Malvino ; Goutam Saha
250 _a6th Ed.
260 _bTata Mcgraw -hill Publishing,
_aNew Delhi:
_c2006.
300 _a683p
650 _aPhysics
942 _cBK
_2ddc
_h621.38153
_iLEA/D
_k621.38153
_mLEA/D